00570nam a2200169Ia 450000500170000000800410001702000150005808200140007310000260008724500970011326000510021030000120026165000110027394200060028495200950029099900150038520250630014520.0240331s9999 xx 000 0 und d a9558027030 bRAJa1905 aPathisana , O.V.R. tr 0aRajya sewawa tula stree purusha samajabhawaya muula pravahakaranaya sandaha kadinam athwelak aColombobShakthi Gender Equality Projectc2003 a42 p ., aGender cL 001040708LaWERCLbWERCLcSSCd2024-03-31l0o 305 RAJp1905r2024-03-31w2024-03-31yL c1418d1418